00881nam a22002417a 450000500170000001000130001702000100003003500130004003700160005304000120006908200150008110000380009624500910013426000420022527000430026730000210031050000200033165000310035165000270038294200240040999900190043395201870045220170124110048.0 aA-297139 c00.00 aA-297139 bCen Lib/Ret aDPLbEN a880.8bMUR aMurti, K.V. Suryanarayana 924753 aKohinoor in the crown :cby K.V. Suryanarayana bcritical studies in Indian english / aNew DelhibSterling publishers c1987 bNew DelhiaL-10, Green park extention  a193p. c20cm(Hb) aIncludes index  aEnglish literature 924754 aCritical study 924755 2ddccENh880.8mMUR c128897d128897 04104070aLbLd2015-07-03eCen Lib/Retg0.00l0o880.8 MURpA-297139r2015-07-03 00:00:00t1v0.00w2015-07-03yENzWritten off on approval by DLB (By Circulation); dtd 15-06-2023